Дело о приспособлении части здания Доминиканского монастыря в городе Вильно под помещение для лиц, арестуемых по приговорам миро...

Доступно только в Электронных читальных залах Найти на картеНа карте
RUSMARC
00003780nmc2a22000003x 450
0013077c0d3-f1b2-49dd-b9e3-0f0e12ddcf85
00520210420172352.0
100##$a20190326l18731878k l0rusy0189 ca
1010#$arus
102##$aRU
2001#$aДело о приспособлении части здания Доминиканского монастыря в городе Вильно под помещение для лиц, арестуемых по приговорам мировых судей, и для полицейских арестантов
$j3 сентября 1873 г. - 17 июля 1878 г.
251##$cДело
300##$aДело
801#0$aRU
$bРГИА
$c20190326
$gRCR
801#1$aRU
$bГлавНИВЦ
$c20190326
$2rusmarc
801#2$aRU
$bПБ им. Б.Н. Ельцина
$c20210420
$gRCR
$2rusmarc
850##$aРГИА
852##$aРГИА
$eФедеральное казенное учреждение "Российский государственный исторический архив" (РГИА)
$j671
937##$hРГИА
$d12312037
$aASBIBLIO_SCAN
462#0$10014af67a45-48db-4e4b-9cc3-13b4608e89f1
$12001
$aДела Департамента полиции исполнительной МВД за 1873 год
$1251
$cОпись
$1852
$j34
$l1873 г.
461#0$10013e300ed0-cd39-49af-8489-5ba5b90fa401
$12001
$aДепартамент полиции исполнительной МВД
$1251
$cФонд
$1852
$j1286
215##$a43 л.
$d36,5х26 см
371##$aДокумент не является опубликованным и широко распространяемым
105##$ay###
1222#$ad
035##$a3077c0d3-f1b2-49dd-b9e3-0f0e12ddcf85
856##$uhttp://readingroom.main.prlib.ru/item.aspx?id_node=n162779492&mode=full
Формат отображения